Periodic Table Elements Starting With G - Statistics

General Stats
  • This quiz has been taken 39 times
  • The average score is 7 of 8
Answer Stats
Answer % Correct
Ga
100%
Ge
100%
Germanium
93%
Gallium
87%
Gd
83%
Gold
77%
Au
73%
Gadolinium
73%
No matching quizzes found
Score Distribution
Percent of People with Each Score
Percentile by Number Answered
Your Score History
You have not taken this quiz